O mundo do renascimento (Record no. 73961)

MARC details
000 -LÍDER
campo de controle de tamanho fixo 00392 a2200157 4500
001 - NÚMERO DE CONTROLE
campo de controle 73961
020 ## - ISBN - INTERNATIONAL STANDARD BOOK NUMBER
ISBN - International Standard Book Number 8478387560
040 ## - FONTE DA CATALOGAÇÃO
Instituição que transcreveu o registro Anchieta - Colégio São Paulo
100 ## - ENTRADA PRINCIPAL--NOME PESSOAL
Nome pessoal Marckenny, Richard
240 10 - TÍTULO UNIFORME
Título uniforme O mundo do renascimento
Idioma da obra por
245 10 - TÍTULO
Título O mundo do renascimento
300 ## - DESCRIÇÃO FÍSICA
Extensão 105
362 0# - DATAS DE PUBLICAÇÃO E/OU DESIGNAÇÃO SEQUENCIAL
Datas de publicação e/ou designação sequencial 1997
650 #4 - ASSUNTO--TERMO TÓPICO
Cabeçalho tópico ou nome geográfico Península Itálica e Ilhas adjacentes - Itália
942 ## - ELEMENTOS DE ENTRADA ADICIONADOS (KOHA)
Tipo de material Koha Livros
Holdings
Situação do descarte Situação das perdas Situação física Não pode ser emprestado Biblioteca de origem Biblioteca atual Data de aquisição Total de empréstimos Número de chamada completo Código de barras Data de último acesso Data do preço efetivo Tipo de material Koha
        Colégio São Paulo Colégio São Paulo 22/11/2023   945 B627 4367/CSP 22/11/2023 22/11/2023 Livros